Online Catalogue and eLibrary

The political thought of Karl Popper / (Record no. 444)

MARC details
000 -LEADER
fixed length control field 00600cam a2200205 a 4500
001 - CONTROL NUMBER
control field 3523258
005 - DATE AND TIME OF LATEST TRANSACTION
control field 20240220073018.0
008 - FIXED-LENGTH DATA ELEMENTS--GENERAL INFORMATION
fixed length control field 960214s1996 enk b 001 0 eng
020 ## - INTERNATIONAL STANDARD BOOK NUMBER
ISBN 0415097266 (alk. paper)
040 ## - CATALOGING SOURCE (பட்டியலாக்க மூலம்)
Original cataloging agency DLC
Transcribing agency DLC
Modifying agency DLC
082 00 - DDC Classification
Class No. 320/.092
DDC Edition Number 20
Item Number - Author Mark JER.
100 1# - MAIN ENTRY--PERSONAL NAME
Personal name Shearmur, Jeremy,
245 14 - TITLE STATEMENT
Title The political thought of Karl Popper /
Statement of responsibility, etc. Jeremy Shearmur.
260 ## - PUBLICATION, DISTRIBUTION, ETC.
Place of publication, distribution, etc. London ;
-- New York :
Name of publisher, distributor, etc. Routledge,
Date of publication, distribution, etc. 1996.
300 ## - PHYSICAL DESCRIPTION
Extent (e.g. Volumes, Pages etc.) xi, 217 p. ;
650 ## - SUBJECT ADDED ENTRY--TOPICAL TERM
Topical term or geographic name entry element Political
650 ## - SUBJECT ADDED ENTRY--TOPICAL TERM
Topical term or geographic name entry element Development
856 42 - ELECTRONIC LOCATION AND ACCESS
Uniform Resource Identifier <a href="http://www.loc.gov/catdir/enhancements/fy0648/96007016-d.html">http://www.loc.gov/catdir/enhancements/fy0648/96007016-d.html</a>
942 ## - Koha item type (Biblio)
Koha item type Books in Stacks (Lending)
Holdings
Lost status Damaged status Collection code Home library Current library Date acquired Full call number Accession Number Item type
    Lending WERC Library WERC Library 02/20/2024 320/.092 JER. 2426 Books in Stacks (Lending)

© WERC Library